| 000 | 00584cam a2200205 4500500 | ||
|---|---|---|---|
| 005 | 20260329003048.0 | ||
| 041 | _afre | ||
| 042 | _adc | ||
| 100 | 1 | 0 |
_aRogé, Antoine _eauthor |
| 245 | 0 | 0 | _aSermon sur la chute de Qom |
| 260 | _c2014. | ||
| 500 | _a9 | ||
| 690 | _aIran | ||
| 690 | _aIslam | ||
| 690 | _aPolitique | ||
| 690 | _aReligion | ||
| 690 | _aThéologico-politique | ||
| 786 | 0 | _nPhilosophie magazine | 82 | 9 | 2014-09-01 | p. 14-17 | 1951-1787 | |
| 856 | 4 | 1 | _uhttps://shs.cairn.info/magazine-philosophie-magazine-2014-9-page-14?lang=fr&redirect-ssocas=7080 |
| 999 |
_c1821070 _d1821070 |
||